| 000 | 01594nam a2200361 a 4500 | ||
|---|---|---|---|
| 001 | ebr10699917 | ||
| 003 | CaPaEBR | ||
| 006 | m o u | ||
| 007 | cr cn||||||||| | ||
| 008 | 150303s2013 cauao sb 001 0 eng d | ||
| 020 | _z9780520273122 | ||
| 020 | _z9780520954724 (e-book) | ||
| 040 |
_aCaPaEBR _cCaPaEBR |
||
| 035 | _a(OCoLC)844155031 | ||
| 043 | _aa-cc--- | ||
| 050 | 1 | 4 |
_aBX1666.S53 _b.H37 2013eb |
| 082 | 0 | 4 |
_a282/.5117 _223 |
| 100 | 1 | _aHarrison, Henrietta. | |
| 245 | 1 | 4 |
_aThe missionary's curse and other tales from a Chinese Catholic village _h[electronic resource] / _cHenrietta Harrison. |
| 260 |
_aBerkeley, Calif. : _bUniversity of California Press, _cc2013. |
||
| 300 |
_a1 online resource (xvii, 276 p.) : _bill., photographs, graphs. |
||
| 490 | 1 |
_aAsia: Local Studies/Global Themes ; _v26 |
|
| 504 | _aIncludes bibliographical references and index. | ||
| 533 |
_aElectronic reproduction. _bPalo Alto, Calif. : _cebrary, _d2015. _nAvailable via World Wide Web. _nAccess may be limited to ebrary affiliated libraries. |
||
| 588 | _aDescription based on online resource; title from title page (ebrary, viewed May 24, 2013). | ||
| 610 | 2 | 0 |
_aCatholic Church _zChina _zShanxi Sheng _xHistory. |
| 651 | 0 |
_aShanxi Sheng (China) _xReligious life and customs. |
|
| 651 | 0 |
_aShanxi Sheng (China) _xFolklore. |
|
| 655 | 7 |
_aElectronic books. _2local |
|
| 710 | 2 | _aebrary, Inc. | |
| 830 | 0 |
_aAsia--local studies/global themes ; _v26. |
|
| 856 | 4 | 0 |
_uhttp://site.ebrary.com/lib/rucke/Doc?id=10699917 _zAn electronic book accessible through the World Wide Web; click to view |
| 999 |
_c6618 _d6618 |
||